Statistics for Guess the Continent!!!

Click here to take the quiz!

General Stats

  • This quiz has been taken 25 times
  • The average score is 6 of 7

Answer Stats

HintAnswer% Correct
Warmest continentAfrica
100%
Richest continentNorth
America
100%
Which continent has the
most animals
South
America
100%
Biggest countryAsia
96%
Considered a country
and continent
Australia
96%
Most visited continentEurope
96%
Least visited continentAntartica
52%

Score Distribution

Percentile by Number Answered

Percent of People with Each Score

Your Score History

You have not taken this quiz